[Event "SUI-chT"]
[Site "Switzerland"]
[Date "2019.04.14"]
[Round "2.4"]
[White "Schwaegli, Bruno"]
[Black "Maier, Christian"]
[Result "1/2-1/2"]
[WhiteElo "2254"]
[BlackElo "2328"]
[PlyCount "110"]
[EventDate "2019.03.10"]
[EventType "team-tourn"]
[EventRounds "9"]
[EventCountry "SUI"]
[SourceTitle "CBM 190 Extra"]
[Source "ChessBase"]
[SourceDate "2019.07.15"]
[SourceVersion "1"]
[SourceVersionDate "2019.07.15"]
[SourceQuality "1"]
[WhiteTeam "Solothurn"]
[BlackTeam "Reti"]
[WhiteTeamCountry "SUI"]
[BlackTeamCountry "SUI"]

1. e4 e5 2. Bc4 Nf6 3. d3 Bc5 4. Nf3 Nc6 5. c3 a5 6. 0-0 Ba7 7. Re1 d6 8. Be3 Bxe3 9. Rxe3 0-0 10. Nbd2 Ng4 11. Re1 Kh8 12. h3 Nh6 13. d4 f6 14. Nf1 Nf7 15. Bd5 Qe8 16. Ne3 Ng5 17. Nxg5 fxg5 18. Qd2 Bd7 19. Rad1 Qg6 20. Bxc6 Bxc6 21. Nd5 Rf7 22. dxe5 dxe5 23. Qe3 Raf8 24. Rd2 g4 25. hxg4 Qxg4 26. Qg3 Qxg3 27. fxg3 Rd8 28. c4 Be8 29. Rf2 Rxf2 30. Kxf2 c6 31. Ne3 Bg6 32. Ng4 Rd2+ 33. Kg1 Rxb2 34. Nxe5 Kg8 35. Rd1 Be8 36. Rd8 Kf8 37. Rb8 Ke7 38. a4 c5 39. Nd3 Rb1+ 40. Kf2 Bxa4 41. Nxc5 Bc6 42. Ke3 Kd6 43. Kd4 Rd1+ 44. Nd3 g5 45. Rg8 h6 46. Rg6+ Kc7 47. Rxh6 a4 48. Rh7+ Kb8 49. Rf7 a3 50. Rf2 b5 51. Kc5 Rxd3 52. Kxc6 bxc4 53. Rf8+ Ka7 54. Rf7+ Ka6 55. Rf8 Ka7 1/2-1/2

[Event "SUI-chT"]
[Site "Switzerland"]
[Date "2016.08.27"]
[Round "6.3"]
[White "Schwaegli, Bruno"]
[Black "Riff, Jean Noel"]
[Result "1/2-1/2"]
[WhiteElo "2276"]
[BlackElo "2514"]
[PlyCount "64"]
[EventDate "2016.03.20"]
[EventType "team-tourn"]
[EventRounds "9"]
[EventCountry "SUI"]
[SourceTitle "EXT 2017"]
[Source "ChessBase"]
[SourceDate "2016.10.25"]
[SourceVersion "1"]
[SourceVersionDate "2016.10.25"]
[SourceQuality "1"]
[WhiteTeam "Solothurn"]
[BlackTeam "Geneve"]
[WhiteTeamCountry "SUI"]
[BlackTeamCountry "SUI"]

1. e4 c5 2. Nf3 d6 3. c3 Nf6 4. Be2 g6 5. 0-0 Bg7 6. Re1 0-0 7. Bf1 Nc6 8. h3 e5 9. d3 h6 10. Nbd2 d5 11. exd5 Nxd5 12. Qa4 Nf4 13. Ne4 Ne6 14. Be3 Qe7 15. Qb5 Rd8 16. Bxc5 Nxc5 17. Qxc5 Qc7 18. Ned2 b6 19. Qc4 Bb7 20. d4 exd4 21. Nxd4 Rac8 22. Nxc6 Bxc6 23. Nb3 Qb7 24. Qh4 Bd5 25. Rad1 Re8 26. Qa4 Bc6 27. Rxe8+ Rxe8 28. Bb5 Bxb5 29. Qxb5 Re5 30. Qf1 Qe4 31. Nd2 Qa4 32. Nf3 Re8 1/2-1/2

[Event "SUI-chT"]
[Site "Switzerland"]
[Date "2016.05.22"]
[Round "3.4"]
[White "Schwaegli, Bruno"]
[Black "Kosteniuk, Alexandra"]
[Result "1/2-1/2"]
[WhiteElo "2276"]
[BlackElo "2537"]
[PlyCount "156"]
[EventDate "2016.03.20"]
[EventType "team-tourn"]
[EventRounds "9"]
[EventCountry "SUI"]
[SourceTitle "EXT 2017"]
[Source "ChessBase"]
[SourceDate "2016.10.25"]
[SourceVersion "1"]
[SourceVersionDate "2016.10.25"]
[SourceQuality "1"]
[WhiteTeam "Solothurn"]
[BlackTeam "Zuerich"]
[WhiteTeamCountry "SUI"]
[BlackTeamCountry "SUI"]

1. e4 c5 2. Nf3 Nc6 3. Nc3 d6 4. Bb5 Bd7 5. 0-0 g6 6. Re1 Bg7 7. d3 Nh6 8. h3 0-0 9. Be3 f5 10. Qd2 Nf7 11. Ng5 e6 12. Bxc6 bxc6 13. Nxf7 Rxf7 14. Bg5 Qf8 15. exf5 Rxf5 16. Nd1 d5 17. f3 e5 18. Nf2 h6 19. Bh4 h5 20. Bg5 Qb8 21. Rab1 Qb5 22. c4 Qa6 23. b3 Re8 24. Rbc1 Bf8 25. Be3 Qa3 26. Rc2 Rc8 27. Qc1 Qb4 28. Bd2 Qb8 29. Bc3 Kh7 30. Rce2 Re8 31. Qb2 Bd6 32. Nd1 Rg5 33. Qc1 Rg3 34. Nf2 e4 35. dxe4 d4 36. e5 Bxe5 37. Bd2 d3 38. Rxe5 Rxe5 39. Rxe5 Qxe5 40. Bf4 Qe2 41. Bxg3 d2 42. Qc3 Qxf2+ 43. Bxf2 d1Q+ 44. Kh2 Qd6+ 45. Bg3 Qe7 46. Qd2 Bf5 47. Bd6 Qe6 48. Qf4 g5 49. Qd2 g4 50. fxg4 hxg4 51. h4 Qh6 52. Qxh6+ Kxh6 53. Bxc5 Bb1 54. a3 a6 55. Kg3 Kh5 56. Bf2 Ba2 57. b4 Bxc4 58. Kf4 Bf1 59. g3 Bb5 60. Kf5 Bd3+ 61. Kf6 Bc2 62. Be3 Ba4 63. Ke6 Kg6 64. Kd6 Kf5 65. h5 Kf6 66. Kc5 Kf5 67. Kd6 Kf6 68. Kc7 Ke6 69. Bg5 Kf7 70. Kd6 Kg7 71. Ke6 Bc2 72. Ke5 Kh7 73. Kf4 Bd1 74. Kf5 Kg7 75. Be3 Kg8 76. Kg6 Bc2+ 77. Kg5 Bd1 78. Kg6 Bc2+ 1/2-1/2

[Event "Zuerich op-B 21th"]
[Site "Zuerich"]
[Date "1997.??.??"]
[Round "?"]
[White "Moor, Olivier"]
[Black "Schwaegli, Bruno"]
[Result "1-0"]
[WhiteElo "2195"]
[BlackElo "2315"]
[PlyCount "85"]
[EventDate "1997.12.26"]
[EventType "swiss"]
[EventRounds "6"]
[EventCountry "SUI"]
[SourceTitle "CBM 062 Extra"]
[Source "ChessBase"]
[SourceDate "1998.03.09"]
[SourceVersion "1"]
[SourceVersionDate "1998.03.09"]
[SourceQuality "1"]

1. d4 d5 2. Nf3 e6 3. Bg5 Be7 4. Bxe7 Qxe7 5. c3 Nf6 6. Nbd2 Nbd7 7. Ne5 0-0 8. Ndf3 Rd8 9. e3 Ne8 10. Nxd7 Bxd7 11. Be2 Nd6 12. 0-0 Bb5 13. Bxb5 Nxb5 14. a4 Nd6 15. a5 a6 16. Ne5 c6 17. Qh5 f6 18. Nd3 Ne4 19. Rfd1 Rf8 20. Re1 Rae8 21. Qh4 Qf7 22. f3 Nd6 23. Qf4 Nc4 24. e4 e5 25. dxe5 Nxe5 26. Nxe5 Rxe5 27. exd5 Qxd5 28. Rxe5 fxe5 29. Qe3 Rd8 30. b4 c5 31. Re1 cxb4 32. cxb4 Qd4 33. Qxd4 Rxd4 34. Re4 Rxe4 35. fxe4 Kf7 36. Kf2 Ke6 37. Ke3 Kd6 38. Kd3 Kc6 39. Kc4 g6 40. g3 h6 41. b5+ Kd6 42. Kb4 h5 43. h4 1-0

[Event "Bern op"]
[Site "Bern"]
[Date "1993.??.??"]
[Round "6"]
[White "Schwaegli, Bruno"]
[Black "Rhodin, Christian"]
[Result "1-0"]
[WhiteElo "2265"]
[BlackElo "2245"]
[PlyCount "41"]
[EventDate "1993.02.??"]
[EventType "swiss"]
[EventRounds "9"]
[EventCountry "SUI"]
[SourceTitle "TD"]
[Source "ChessBase"]
[SourceDate "1994.03.01"]
[SourceVersion "1"]
[SourceVersionDate "1994.03.01"]
[SourceQuality "1"]

1. e4 e5 2. Bc4 Nf6 3. d3 Bc5 4. Nf3 Nc6 5. 0-0 d6 6. c3 Bb6 7. Bb3 Be6 8. Re1 h6 9. Nbd2 Qd7 10. Nf1 0-0 11. Ng3 Rfe8 12. Ba4 Qd8 13. h3 Bd7 14. d4 Nh7 15. d5 Ne7 16. Bxd7 Qxd7 17. Nh4 Nf8 18. Ngf5 Nfg6 19. Qg4 Nxf5 20. Nxf5 Kh7 21. Bxh6 1-0

[Event "Zuerich op-A 13th"]
[Site "Zuerich"]
[Date "1989.??.??"]
[Round "?"]
[White "Schwaegli, Bruno"]
[Black "Huss, Andreas"]
[Result "0-1"]
[WhiteElo "2260"]
[BlackElo "2360"]
[PlyCount "80"]
[EventDate "1989.12.26"]
[EventType "swiss"]
[EventRounds "7"]
[EventCountry "SUI"]
[SourceTitle "EXT 1997"]
[Source "ChessBase"]
[SourceDate "1996.11.15"]
[SourceVersion "1"]
[SourceVersionDate "1996.11.15"]
[SourceQuality "1"]

1. e4 e6 2. d4 d5 3. Nc3 Bb4 4. Nge2 Ne7 5. a3 Bxc3+ 6. Nxc3 0-0 7. Bd3 Nbc6 8. Be3 e5 9. exd5 Nxd5 10. dxe5 Nxe3 11. fxe3 Qh4+ 12. g3 Qg5 13. Qd2 Nxe5 14. 0-0-0 Bg4 15. e4 Qxd2+ 16. Rxd2 c6 17. Be2 Bxe2 18. Nxe2 Rfd8 19. Rhd1 Rxd2 20. Rxd2 Kf8 21. Nf4 Ke7 22. Nd3 Nc4 23. Rf2 Rd8 24. a4 Rd4 25. b3 Na5 26. Rd2 Rxe4 27. Nc5 Re5 28. Nd3 Re3 29. Kb2 b6 30. Nb4 Re6 31. Nd3 Nb7 32. Nf4 Re4 33. Nd3 Nd6 34. Rf2 Re3 35. Nf4 Ne4 36. Rg2 g5 37. Nd3 f5 38. Ne5 c5 39. Nc6+ Ke6 40. Nxa7 f4 0-1